The effect of different warming‐up sessions on the singing voice

Elmentve itt :
Bibliográfiai részletek
Szerző: Altorjay Tamás
Testületi szerző: Pedagógiai Értékelési Konferencia (12.) (2014) (Szeged)
Dokumentumtípus: Könyv része
Megjelent: 2014
Sorozat:Pedagógiai Értékelési Konferencia 12
Kulcsszavak:Zenei nevelés - előadáskivonat
Online Access:http://acta.bibl.u-szeged.hu/61037
LEADER 00689naa a2200181 i 4500
001 acta61037
005 20260224081030.0
008 190904s2014 hu o 100 eng d
040 |a SZTE Egyetemi Kiadványok Repozitórium  |b hun 
041 |a eng 
100 1 |a Altorjay Tamás 
245 1 4 |a The effect of different warming‐up sessions on the singing voice  |h [elektronikus dokumentum] /  |c  Altorjay Tamás 
260 |c 2014 
300 |a 56 
490 0 |a Pedagógiai Értékelési Konferencia  |v 12 
695 |a Zenei nevelés - előadáskivonat 
710 |a Pedagógiai Értékelési Konferencia (12.) (2014) (Szeged) 
856 4 0 |u http://acta.bibl.u-szeged.hu/61037/1/pek_2014_056.pdf  |z Dokumentum-elérés